Statistics for Biggest Cities of Countries that have No Borders

Click here to take the quiz!

General Stats

  • This quiz has been taken 169 times
  • The average score is 14 of 24

Answer Stats

PopulationCity% Correct
39,500,000Tokyo
99%
4,900,000Sydney
96%
23,300,000Manila
89%
4,400,000Melbourne
87%
1,470,000Auckland
86%
2,225,000Havana
85%
17,800,000Osaka
84%
2,075,000Perth
80%
9,050,000Taipei
78%
2,900,000Brisbane
77%
4,675,000Colombo
76%
2,225,000Tananarive
67%
10,400,000Nagoya
61%
6,900,000Singapore
61%
2,500,000Sapporo
57%
1,870,000Hiroshima
52%
1,360,000Manama
41%
2,650,000Fukuoka
39%
2,275,000Cebu
36%
2,800,000Kaohsiung
25%
1,490,000Sendai
23%
2,350,000Taichung
14%
2,050,000Kitakyushu
7%
2,200,000Okoyama
3%

Score Distribution

Percentile by Number Answered

Percent of People with Each Score

Your Score History

You have not taken this quiz